00874nam a2200241 a 450000100060000000300080000600500170001400800410003102000150007203500190008704000320010604100080013808200260014624501010017226000680027330000260034150400370036750500790040465100510048370000290053470000390056370000300060276199BD-RjUL20211209082816.0191111r19871982uk a b 001 0 eng d a0521226929 a(BD-RjUL)76420 aDLCcDLCdDLCdBD-RjULbeng aeng00a330.954bCAM V-1 198704aThe Cambridge economic history of India /cGeneral editors: Dharma Kumar and Tapan Raychaudhuri  aCambridge :aCambridge University Press,b1982 [Reprinted 1987] a v. :bill. ;c24 cm. aIncludes bibliography and Index0 aVol. 1: c.1200-c.1750 / edited by Tapan Raychaudhuri and Irfan Habib --  0aIndiaxEconomic conditions.yc. 1200 - c. 19701 aKumar, Dharma, Gen. ed.1 aRaychaudhuri, Tapan, jt. Gen. ed.1 aHabib, Irfan, ed. d1931-